Primera crónica general de España

Збережено в:
Бібліографічні деталі
Автор: Alfonso X (Автор)
Формат: Книга
Мова:Іспанська
Опубліковано: Zaragoza Ebro 1943
Серія:Biblioteca Clásica Ebro. Clásicos Españoles, 46
Предмети:
Теги: Додати тег
Немає тегів, Будьте першим, хто поставить тег для цього запису!

MARC

LEADER 00000nam a2200000 a 4500
001 UCQ6558
003 CL-VaPUC
008 981016e19430000SP |||||||||||||||||spa|d
082 0 4 |a 946  |b ALF  |2 21 
100 0 |a Alfonso X  |e author  |9 420463 
245 1 0 |a Primera crónica general de España 
300 |a 127 p 
942 |c BK 
945 |d 19981016 00:00:00  |a lriquelm 
260 |a Zaragoza  |b Ebro  |c 1943 
650 0 |a Historia  |9 255047 
650 0 |a Guerra  |9 255876 
650 0 |a Religión   |9 255164 
650 7 |a INVASION  |2 CL-VaPUC  |9 349838 
651 0 |a España  |9 254926 
583 |a last modification  |c 20190726 10:17:27  |k Rodrigo Vera 
490 0 |a Biblioteca Clásica Ebro. Clásicos Españoles, 46 
999 |c 276508  |d 276506 
952 |0 0  |1 0  |4 0  |6 946_000000000000000_ALF_1943  |7 0  |8 A  |9 313777  |a BIBEDU  |b BIBEDU  |d 2019-11-20  |i 1471910  |o 946 ALF 1943  |p 1471910  |r 2019-11-20  |w 2019-11-20  |y BK  |k LIT